000 00432nam a2200181Ia 4500
001 17481
005 20260306171520.0
008 260306s9999||||xx |||||||||||||| ||und||
041 _aESP
082 _a658
_bM86
100 _aMorueco, Raúl
_eAUT
245 0 _aManual práctico de administración
260 _c2012
300 _axviii, 394 páginas :
_c24 cm.
650 _aGEN
654 _aCAN
942 _cLIB
_dJUS
_fJUS
_2ddc
_n
999 _c17481
_d17481